[Event "Voronezh op-B 23rd"]
[Site "Voronezh"]
[Date "2019.06.16"]
[Round "5"]
[White "Mezhov, Dmitriy"]
[Black "Manukovsky, Vladimir"]
[Result "1/2-1/2"]
[WhiteElo "1974"]
[BlackElo "2107"]
[PlyCount "150"]
[EventDate "2019.06.12"]
[EventType "swiss"]
[EventRounds "9"]
[EventCountry "RUS"]
[SourceTitle "CBM 191 Extra"]
[Source "ChessBase"]
[SourceDate "2019.09.30"]
[SourceVersion "1"]
[SourceVersionDate "2019.09.30"]
[SourceQuality "1"]

1. e4 c5 2. Nf3 d6 3. Bb5+ Nd7 4. 0-0 a6 5. Bxd7+ Bxd7 6. Re1 e6 7. c3 Be7 8. d4 Nf6 9. e5 Nd5 10. c4 Nb6 11. exd6 Bxd6 12. b3 0-0 13. Bb2 Bc6 14. Nbd2 Nd7 15. Ne4 Bxe4 16. Rxe4 Nf6 17. Re1 Rc8 18. Qe2 cxd4 19. Bxd4 Qc7 20. h3 Rfd8 21. Qe3 Bc5 22. Bxc5 Qxc5 23. Qxc5 Rxc5 24. Rad1 Rxd1 25. Rxd1 Kf8 26. Nd2 Ke7 27. Kf1 Rc7 28. Ke2 b5 29. f3 bxc4 30. bxc4 Nd7 31. Kd3 h5 32. Rb1 g5 33. Kd4 f5 34. h4 e5+ 35. Ke3 gxh4 36. Rh1 Nf6 37. Rxh4 Kd6 38. Rh1 Rg7 39. Kf2 Rb7 40. Nb3 Rb4 41. Rd1+ Kc7 42. c5 h4 43. Rd6 Nd7 44. Rxa6 Rc4 45. Rh6 Rc2+ 46. Kg1 Rxa2 47. Rxh4 Rb2 48. Nc1 f4 49. Nd3 Rd2 50. Nxf4 exf4 51. Rxf4 Nxc5 52. Kh2 Kd6 53. Kh3 Ke5 54. Rg4 Ne6 55. g3 Kf5 56. f4 Rd3 57. Rh4 Re3 58. Rh5+ Kg6 59. Kh4 Nd4 60. g4 Nf3+ 61. Kg3 Ne5+ 62. Kh4 Nf3+ 63. Kg3 Ne1+ 64. Kf2 Re4 65. Kg3 Re3+ 66. Kf2 Re4 67. Kg3 Nd3 68. f5+ Kf6 69. Rh6+ Kg7 70. g5 Ne5 71. Re6 Rg4+ 72. Kh3 Rxg5 73. Rxe5 Kf6 74. Ra5 Rxf5 75. Rxf5+ Kxf5 1/2-1/2

[Event "Voronezh op-B 22nd"]
[Site "Voronezh"]
[Date "2018.06.20"]
[Round "9"]
[White "Manukovsky, Vladimir"]
[Black "Katkov, Vitaly"]
[Result "1-0"]
[WhiteElo "2146"]
[BlackElo "2018"]
[PlyCount "55"]
[EventDate "2018.06.12"]
[EventType "swiss"]
[EventRounds "9"]
[EventCountry "RUS"]
[SourceTitle "CBM 185 Extra"]
[Source "ChessBase"]
[SourceDate "2018.07.29"]
[SourceVersion "1"]
[SourceVersionDate "2018.07.29"]
[SourceQuality "1"]

1. e4 a6 2. Nc3 b5 3. d4 Bb7 4. Bd3 e6 5. f4 Nf6 6. Qe2 d6 7. Nf3 Be7 8. 0-0 c5 9. dxc5 dxc5 10. Rd1 0-0 11. Bxb5 Qb6 12. Bc4 Nc6 13. e5 Ne8 14. b3 Nc7 15. Be3 Rad8 16. Na4 Qa7 17. Qf2 Nd5 18. Bxd5 Rxd5 19. Rxd5 exd5 20. Bxc5 Qa8 21. Rd1 Rd8 22. Nb6 Qb8 23. Nxd5 Bxc5 24. Qxc5 h6 25. c4 Qc8 26. h3 Kh8 27. Nd4 Qd7 28. Nxc6 1-0

[Event "Voronezh op-B 22nd"]
[Site "Voronezh"]
[Date "2018.06.19"]
[Round "8"]
[White "Pak, Nikita"]
[Black "Manukovsky, Vladimir"]
[Result "0-1"]
[WhiteElo "1870"]
[BlackElo "2146"]
[PlyCount "82"]
[EventDate "2018.06.12"]
[EventType "swiss"]
[EventRounds "9"]
[EventCountry "RUS"]
[SourceTitle "CBM 185 Extra"]
[Source "ChessBase"]
[SourceDate "2018.07.29"]
[SourceVersion "1"]
[SourceVersionDate "2018.07.29"]
[SourceQuality "1"]

1. e4 c5 2. Ne2 Nc6 3. g3 d5 4. Bg2 dxe4 5. Bxe4 Nf6 6. Bg2 e5 7. Nbc3 Be6 8. 0-0 Qd7 9. Re1 0-0-0 10. Ne4 Nxe4 11. Bxe4 f5 12. Bg2 g5 13. d3 Be7 14. a3 h5 15. b4 Nd4 16. Nxd4 Qxd4 17. Be3 Qd7 18. Qf3 g4 19. Qe2 h4 20. b5 hxg3 21. hxg3 Bd5 22. f4 gxf3 23. Bxf3 Rdg8 24. Bf2 f4 25. Bxd5 Qxd5 26. Qe4 Qxe4 27. Rxe4 fxg3 28. Be3 g2 29. Kf2 Rh1 30. Rg1 Bh4+ 31. Ke2 Rxg1 32. Bxg1 Bg3 33. Kf3 Bf4 34. Re2 Rg3+ 35. Ke4 Kc7 36. c3 Kd6 37. d4 c4 38. dxe5+ Bxe5 39. Rd2+ Ke6 40. Rd8 Bc7 41. Rd1 Rxc3 0-1

[Event "Voronezh Region-ch"]
[Site "Voronezh"]
[Date "2017.12.19"]
[Round "7"]
[White "Lukovnikov, Alexander"]
[Black "Manukovsky, Vladimir"]
[Result "1/2-1/2"]
[WhiteElo "2241"]
[BlackElo "2140"]
[PlyCount "96"]
[EventDate "2017.12.12"]
[EventType "swiss"]
[EventRounds "9"]
[EventCountry "RUS"]
[SourceTitle "CBM 182 Extra"]
[Source "ChessBase"]
[SourceDate "2018.02.23"]
[SourceVersion "1"]
[SourceVersionDate "2018.02.23"]
[SourceQuality "1"]

1. e4 c5 2. Nf3 e6 3. d4 cxd4 4. Nxd4 a6 5. Nc3 b5 6. Bd3 Bb7 7. 0-0 d6 8. Re1 Nf6 9. a4 b4 10. Nd5 Nxd5 11. exd5 Bxd5 12. Qh5 e5 13. f4 Nd7 14. fxe5 dxe5 15. Bf4 Bd6 16. Nf5 Qb6+ 17. Be3 Bc5 18. a5 Qg6 19. Qxg6 hxg6 20. Bxc5 gxf5 21. Bxf5 Nxc5 22. Rxe5+ Be6 23. Rxc5 Bxf5 24. Rxf5 Rc8 25. Re5+ Kf8 26. Rd1 Rh6 27. Rd4 Rhc6 28. Rxb4 Rxc2 29. Rb7 Rd8 30. h3 Kg8 31. b4 Rdd2 32. Rg5 Ra2 33. Rg4 Rdb2 34. Rb6 Ra4 35. Rxa6 Rbxb4 36. Rxb4 Rxb4 37. Rb6 Ra4 38. a6 Ra2 39. Kh2 Kh7 40. Kg3 f6 41. Kf3 Kg6 42. Kg3 Kg5 43. h4+ Kh5 44. Kh3 Ra3+ 45. g3 f5 46. Kg2 g5 47. hxg5 Kxg5 48. Kf2 Kg4 1/2-1/2

[Event "Voronezh Region-ch"]
[Site "Voronezh"]
[Date "2017.12.14"]
[Round "2"]
[White "Manukovsky, Vladimir"]
[Black "Provotorov, Ivan"]
[Result "0-1"]
[WhiteElo "2140"]
[BlackElo "2375"]
[PlyCount "94"]
[EventDate "2017.12.12"]
[EventType "swiss"]
[EventRounds "9"]
[EventCountry "RUS"]
[SourceTitle "CBM 182 Extra"]
[Source "ChessBase"]
[SourceDate "2018.02.23"]
[SourceVersion "1"]
[SourceVersionDate "2018.02.23"]
[SourceQuality "1"]

1. c4 c5 2. Nf3 Nc6 3. d4 cxd4 4. Nxd4 Nf6 5. Nc3 e6 6. Ndb5 d6 7. Bf4 e5 8. Bg5 a6 9. Bxf6 gxf6 10. Na3 Be6 11. e3 f5 12. Qd2 Qa5 13. Be2 Rd8 14. 0-0-0 d5 15. Nxd5 Bxa3 16. bxa3 Qxa3+ 17. Kb1 0-0 18. e4 f6 19. f3 Nd4 20. Rc1 Bxd5 21. exd5 Rd6 22. Bd1 Rb6+ 23. Ka1 Rc8 24. Re1 Rb3 25. c5 b6 26. c6 Rb5 27. Rxe5 fxe5 28. Qg5+ Kf7 29. Qh5+ Kf8 30. Qh6+ Ke8 31. Qh5+ Kd8 32. Qg5+ Qe7 33. Qg8+ Qe8 34. c7+ Kd7 35. Qxh7+ Qe7 36. Qh6 Rxc7 37. Ba4 Rxc1+ 38. Qxc1 Qc5 39. Bxb5+ Nxb5 40. Qxc5 bxc5 41. h4 Nc7 42. h5 Nxd5 43. h6 Nf6 44. Kb2 Ke6 45. Kc3 Kf7 46. Kc4 e4 47. fxe4 fxe4 0-1

[Event "Voronezh op-B 21st"]
[Site "Voronezh"]
[Date "2017.06.17"]
[Round "6"]
[White "Manukovsky, Vladimir"]
[Black "Moiseenko, Andrey"]
[Result "1/2-1/2"]
[WhiteElo "2200"]
[BlackElo "2010"]
[PlyCount "100"]
[EventDate "2017.06.12"]
[EventType "swiss"]
[EventRounds "9"]
[EventCountry "RUS"]
[SourceTitle "CBM 179 Extra"]
[Source "ChessBase"]
[SourceDate "2017.08.23"]
[SourceVersion "1"]
[SourceVersionDate "2017.08.23"]
[SourceQuality "1"]

1. c4 Nf6 2. Nc3 g6 3. e4 d6 4. d4 Bg7 5. Be2 0-0 6. Bg5 Na6 7. Nf3 h6 8. Be3 Ng4 9. Bd2 e5 10. dxe5 Nxe5 11. 0-0 Nxf3+ 12. Bxf3 Nc5 13. Qc1 Nd3 14. Qc2 Ne5 15. Be2 Be6 16. b3 Nc6 17. Qc1 Kh7 18. Bd3 Nd4 19. f4 f5 20. Be3 Qf6 21. Rb1 Rae8 22. Qd2 c5 23. Rbe1 Nxb3 24. axb3 Qxc3 25. Qd1 fxe4 26. Bb1 b5 27. Qxd6 Qxb3 28. Bxc5 Bxc4 29. Bxe4 Rxe4 30. Rxe4 Bxf1 31. Kxf1 Rf6 32. Qe7 Rf7 33. Qe8 Qd1+ 34. Kf2 Qd5 35. Kf3 Qd7 36. Qb8 Qc7 37. Qxb5 Rf5 38. Rc4 Qf7 39. Qb4 Qd5+ 40. Kf2 a5 41. Qa4 Qd2+ 42. Kf3 Qd5+ 43. Kf2 Qd2+ 44. Kf3 Qd5+ 45. Kf2 Qd2+ 46. Kf3 Qd3+ 47. Be3 Qf1+ 48. Kg3 h5 49. Qc2 Rd5 50. Rc7 Qe1+ 1/2-1/2

[Event "Voronezh op-B 21st"]
[Site "Voronezh"]
[Date "2017.06.12"]
[Round "1"]
[White "Manukovsky, Vladimir"]
[Black "Vlasova, Zlata"]
[Result "1-0"]
[WhiteElo "2200"]
[BlackElo "1819"]
[PlyCount "111"]
[EventDate "2017.06.12"]
[EventType "swiss"]
[EventRounds "9"]
[EventCountry "RUS"]
[SourceTitle "CBM 179 Extra"]
[Source "ChessBase"]
[SourceDate "2017.08.23"]
[SourceVersion "1"]
[SourceVersionDate "2017.08.23"]
[SourceQuality "1"]

1. c4 Nf6 2. Nc3 g6 3. e4 d6 4. d4 Bg7 5. Bg5 h6 6. Bh4 0-0 7. h3 c5 8. Nf3 cxd4 9. Nxd4 Nc6 10. Nc2 Qa5 11. Qd2 Be6 12. Rc1 Rac8 13. Ne3 Ne5 14. b3 a6 15. f4 Nc6 16. Bd3 Nb4 17. Bb1 b5 18. f5 g5 19. Bf2 Bd7 20. Ncd5 Nfxd5 21. Nxd5 Rfe8 22. Bb6 Qa3 23. Nxb4 bxc4 24. Nc2 Qb2 25. 0-0 cxb3 26. axb3 Qxb3 27. Bd4 Bb5 28. Rf3 Bxd4+ 29. Nxd4 Rxc1+ 30. Qxc1 Qb4 31. Nxb5 Qxb5 32. f6 Qe5 33. fxe7 Rxe7 34. Qc8+ Kg7 35. Qxa6 Qd4+ 36. Kh1 Ra7 37. Qd3 Qe5 38. Rf5 Qa1 39. Kh2 Rb7 40. Bc2 Qa2 41. Qd4+ Kg8 42. Bd3 Rb2 43. Bf1 Rd2 44. Qf6 Qe6 45. Rxg5+ hxg5 46. Qxg5+ Qg6 47. Qxd2 Qxe4 48. Qxd6 f5 49. Bd3 Qh4 50. Qg6+ Kh8 51. Qxf5 Qh6 52. Qe5+ Kg8 53. Bc4+ Kh7 54. Qe7+ Kh8 55. Qe8+ Kh7 56. Qg8# 1-0

[Event "Voronezh op-B 20th"]
[Site "Voronezh"]
[Date "2016.06.21"]
[Round "9"]
[White "Manukovsky, Vladimir"]
[Black "Dobrocmyslov, Artem"]
[Result "1-0"]
[WhiteElo "2146"]
[BlackElo "2171"]
[PlyCount "67"]
[EventDate "2016.06.12"]
[EventType "swiss"]
[EventRounds "9"]
[EventCountry "RUS"]
[SourceTitle "EXT 2017"]
[Source "ChessBase"]
[SourceDate "2016.10.25"]
[SourceVersion "1"]
[SourceVersionDate "2016.10.25"]
[SourceQuality "1"]

1. c4 e6 2. Nf3 d5 3. b3 Nf6 4. Bb2 dxc4 5. bxc4 c5 6. g3 b6 7. Bg2 Bb7 8. 0-0 Nbd7 9. d3 Be7 10. Nc3 0-0 11. a4 Rb8 12. Qb3 a6 13. Rfb1 e5 14. e4 Qc7 15. Bh3 Qd6 16. Nd5 Nxd5 17. cxd5 f5 18. Qc3 b5 19. axb5 axb5 20. Ra7 b4 21. Qb3 fxe4 22. dxe4 c4 23. Qxc4 Rxf3 24. Rxb7 Rxb7 25. Qc8+ Rf8 26. Qxb7 Nc5 27. Qxb4 Rxf2 28. Qc4 Rd2 29. Bxe5 Qa6 30. Be6+ Kf8 31. Rb8+ Bd8 32. Rxd8+ Ke7 33. Qxc5+ Kxd8 34. Qf8# 1-0

[Event "Voronezh op-B 20th"]
[Site "Voronezh"]
[Date "2016.06.15"]
[Round "4"]
[White "Manukovsky, Vladimir"]
[Black "Geranichev, Mikhail"]
[Result "1-0"]
[WhiteElo "2146"]
[BlackElo "2039"]
[PlyCount "97"]
[EventDate "2016.06.12"]
[EventType "swiss"]
[EventRounds "9"]
[EventCountry "RUS"]
[SourceTitle "EXT 2017"]
[Source "ChessBase"]
[SourceDate "2016.10.25"]
[SourceVersion "1"]
[SourceVersionDate "2016.10.25"]
[SourceQuality "1"]

1. Nf3 Nf6 2. g3 g6 3. b3 Bg7 4. Bb2 0-0 5. Bg2 d5 6. 0-0 c5 7. e3 Nc6 8. Na3 a6 9. c4 e6 10. Rc1 b6 11. Qe2 Bb7 12. Rfd1 Nb4 13. cxd5 Bxd5 14. Ra1 Be4 15. d4 Qe7 16. dxc5 bxc5 17. Nc4 Rad8 18. Ne1 Rxd1 19. Rxd1 Bxg2 20. Kxg2 Rd8 21. Rxd8+ Qxd8 22. a3 Nc6 23. Nd3 Na5 24. Nxa5 Qxa5 25. Qc2 Nd7 26. Bxg7 Kxg7 27. a4 Qb6 28. Qc3+ Kg8 29. Kf1 Qd6 30. Ke2 Qd5 31. h4 h5 32. Kd2 Kf8 33. Kc2 Ke7 34. Qa5 Qc6 35. Kc3 Ke8 36. Kd2 Qd6 37. Qc3 Qd5 38. Kc2 Ke7 39. a5 Kd6 40. Kb2 e5 41. Ka3 f6 42. Nb2 g5 43. Nc4+ Kc6 44. hxg5 fxg5 45. Qc2 e4 46. Qe2 g4 47. Qb2 Qf7 48. Qh8 Qf6 49. Qc8+ 1-0

[Event "Voronezh School Rating 03"]
[Site "Voronezh"]
[Date "2015.03.22"]
[Round "9.8"]
[White "Aleksandrov, Victor"]
[Black "Manukovsky, Vladimir"]
[Result "0-1"]
[WhiteElo "1867"]
[BlackElo "2181"]
[PlyCount "42"]
[EventDate "2015.03.13"]
[EventType "swiss"]
[EventRounds "9"]
[EventCountry "RUS"]
[SourceTitle "EXT 2018"]
[Source "ChessBase"]
[SourceDate "2017.10.13"]
[SourceVersion "1"]
[SourceVersionDate "2017.10.13"]
[SourceQuality "1"]

1. d4 Nf6 2. c4 d6 3. Nc3 e5 4. d5 Be7 5. e4 0-0 6. h3 c6 7. Be3 a6 8. Bd3 cxd5 9. exd5 Ne8 10. Qc2 f5 11. f3 Bh4+ 12. Kd1 g6 13. Nge2 Ng7 14. g4 Nd7 15. Bh6 Nc5 16. Bxg7 Kxg7 17. gxf5 Nxd3 18. Qxd3 Bxf5 19. Ne4 Rc8 20. Rc1 Rf7 21. N2c3 Qd7 0-1

[Event "Voronezh School Rating 03"]
[Site "Voronezh"]
[Date "2015.03.17"]
[Round "4.5"]
[White "Manukovsky, Vladimir"]
[Black "Kostin, Alexey"]
[Result "0-1"]
[WhiteElo "2181"]
[BlackElo "2277"]
[PlyCount "98"]
[EventDate "2015.03.13"]
[EventType "swiss"]
[EventRounds "9"]
[EventCountry "RUS"]
[SourceTitle "EXT 2018"]
[Source "ChessBase"]
[SourceDate "2017.10.13"]
[SourceVersion "1"]
[SourceVersionDate "2017.10.13"]
[SourceQuality "1"]

1. d4 Nf6 2. Nf3 e6 3. e3 c5 4. Bd3 b6 5. 0-0 Bb7 6. b3 Be7 7. Bb2 0-0 8. Nbd2 d6 9. a3 Nbd7 10. Qe2 Re8 11. Rad1 cxd4 12. exd4 Rc8 13. Ng5 Nf8 14. f4 Nd5 15. Nde4 f5 16. Ng3 Nxf4 17. Rxf4 Bxg5 18. Rf2 Ng6 19. Nh5 Bh6 20. Re1 Qh4 21. g3 Qd8 22. Qf1 Qc7 23. h3 Re7 24. Kh2 Rf8 25. c4 f4 26. Nxf4 Nxf4 27. gxf4 Ref7 28. Bc1 e5 29. d5 Bxf4+ 30. Rxf4 Rxf4 31. Bxf4 Rxf4 32. Qg2 Qc5 33. Kh1 Qf2 34. Rg1 Qxg2+ 35. Kxg2 Kf7 36. Re1 h6 37. Kg3 g5 38. a4 a5 39. Rb1 h5 40. b4 axb4 41. Rxb4 Bxd5 42. Rxb6 Rf3+ 43. Kg2 Rxd3+ 44. cxd5 Rxd5 45. a5 Ke6 46. a6 Ra5 47. Kf3 Ra3+ 48. Kg2 e4 49. Rb5 d5 0-1

[Event "Voronezh School Rating 03"]
[Site "Voronezh"]
[Date "2015.03.13"]
[Round "1.4"]
[White "Abramova, Yulia"]
[Black "Manukovsky, Vladimir"]
[Result "0-1"]
[WhiteElo "1986"]
[BlackElo "2181"]
[PlyCount "120"]
[EventDate "2015.03.13"]
[EventType "swiss"]
[EventRounds "9"]
[EventCountry "RUS"]
[SourceTitle "EXT 2018"]
[Source "ChessBase"]
[SourceDate "2017.10.13"]
[SourceVersion "1"]
[SourceVersionDate "2017.10.13"]
[SourceQuality "1"]

1. e4 c5 2. c3 Nf6 3. e5 Nd5 4. Bc4 Qc7 5. Nf3 Nb6 6. Bb3 c4 7. Bc2 Nc6 8. Qe2 g6 9. 0-0 Bg7 10. Re1 0-0 11. Na3 Na5 12. b4 cxb3 13. axb3 a6 14. d4 d6 15. h3 Bd7 16. Bg5 Bc6 17. exd6 exd6 18. b4 Rfe8 19. Qf1 Nac4 20. Nxc4 Bb5 21. Bd3 Nxc4 22. Nd2 Nxd2 23. Bxd2 Bxd3 24. Qxd3 d5 25. Re2 Bf8 26. Rae1 Rxe2 27. Rxe2 Qc6 28. Qf3 b6 29. Re5 Rd8 30. Bg5 Rd6 31. Be7 Re6 32. Rxe6 Qxe6 33. Bxf8 Kxf8 34. Qf4 a5 35. Qb8+ Kg7 36. bxa5 bxa5 37. Qb5 Qe1+ 38. Kh2 Qxc3 39. Qxd5 Qc7+ 40. g3 a4 41. Qa2 Qd7 42. d5 h5 43. d6 Kf6 44. f4 Qb5 45. g4 h4 46. g5+ Kg7 47. Qa1+ Kg8 48. Qd4 Qe2+ 49. Kg1 Qe1+ 50. Kg2 Qg3+ 51. Kf1 Qxh3+ 52. Ke2 Qd7 53. Qe5 a3 54. Qe7 Qg4+ 55. Ke3 Qg3+ 56. Ke4 a2 57. Qe8+ Kg7 58. Qe5+ Kh7 59. d7 Qg2+ 60. Kd3 Qh3+ 0-1

[Event "Voronezh School Rating"]
[Site "Voronezh"]
[Date "2014.11.26"]
[Round "5.3"]
[White "Vinogradov, Anatoly"]
[Black "Manukovsky, Vladimir"]
[Result "0-1"]
[WhiteElo "2108"]
[BlackElo "2203"]
[PlyCount "100"]
[EventDate "2014.11.21"]
[EventType "tourn"]
[EventRounds "9"]
[EventCountry "RUS"]
[SourceTitle "EXT 2018"]
[Source "ChessBase"]
[SourceDate "2017.10.13"]
[SourceVersion "1"]
[SourceVersionDate "2017.10.13"]
[SourceQuality "1"]

1. d4 Nf6 2. c4 c5 3. d5 e5 4. Nc3 d6 5. g3 g6 6. Bg2 Bg7 7. e4 0-0 8. Nge2 a6 9. a4 b6 10. 0-0 Ne8 11. Be3 f5 12. Qd2 Ra7 13. f4 Raf7 14. h3 Nd7 15. Rae1 Nef6 16. Kh2 fxe4 17. Nxe4 Nxe4 18. Bxe4 exf4 19. Rxf4 Ne5 20. b3 Qd7 21. Ng1 b5 22. Qc2 bxc4 23. bxc4 Qe8 24. Ref1 Bd7 25. a5 Ba4 26. Qa2 Rxf4 27. Rxf4 Bd7 28. Qc2 Bh6 29. Rxf8+ Qxf8 30. Bxh6 Qxh6 31. Qc3 Ng4+ 32. Kg2 Qe3 33. Qc2 Ba4 34. Qe2 Qxe2+ 35. Nxe2 Ne3+ 36. Kf2 Nxc4 37. Bd3 Nxa5 38. Bxa6 Kf7 39. Ke3 Kf6 40. Nc3 Bd7 41. Kf4 Bxh3 42. Ne4+ Ke7 43. Ng5 Bg2 44. Nxh7 Bxd5 45. Bd3 Bf7 46. g4 c4 47. Bc2 Nc6 48. g5 Nd4 49. Be4 d5 50. Ke5 Nc6+ 0-1

[Event "Voronezh School Rating"]
[Site "Voronezh"]
[Date "2014.11.22"]
[Round "2.5"]
[White "Manukovsky, Vladimir"]
[Black "Rodionov, Roman"]
[Result "1/2-1/2"]
[WhiteElo "2203"]
[BlackElo "1987"]
[PlyCount "61"]
[EventDate "2014.11.21"]
[EventType "tourn"]
[EventRounds "9"]
[EventCountry "RUS"]
[SourceTitle "EXT 2018"]
[Source "ChessBase"]
[SourceDate "2017.10.13"]
[SourceVersion "1"]
[SourceVersionDate "2017.10.13"]
[SourceQuality "1"]

1. e4 c6 2. Nc3 d5 3. Nf3 g6 4. h3 Bg7 5. d4 Nf6 6. Bd3 dxe4 7. Nxe4 Nxe4 8. Bxe4 Nd7 9. 0-0 Nf6 10. Bd3 0-0 11. Re1 Nd5 12. Bg5 Be6 13. Qd2 Re8 14. Bh6 Bh8 15. Ng5 Nc7 16. Nxe6 Nxe6 17. c3 Qd7 18. Bc4 Nc7 19. Re4 e6 20. Rae1 Rad8 21. Bg5 f6 22. Bh4 b5 23. Bb3 Nd5 24. Qe2 Kf7 25. Qf3 Rc8 26. g4 a5 27. a3 Bg7 28. Bxf6 Bxf6 29. g5 Qd8 30. Bxd5 cxd5 31. R4e2 1/2-1/2

[Event "Voronezh-ch"]
[Site "Voronezh"]
[Date "2014.11.06"]
[Round "8"]
[White "Gritsenko, Vladimir"]
[Black "Manukovsky, Vladimir"]
[Result "0-1"]
[WhiteElo "2229"]
[BlackElo "2202"]
[PlyCount "84"]
[EventDate "2014.10.28"]
[EventType "tourn"]
[EventRounds "9"]
[EventCountry "RUS"]
[SourceTitle "CBM 163 Extra"]
[Source "ChessBase"]
[SourceDate "2014.12.23"]
[SourceVersion "1"]
[SourceVersionDate "2014.12.23"]
[SourceQuality "1"]

1. Nf3 c5 2. g3 g6 3. Bg2 Bg7 4. 0-0 Nc6 5. d3 e5 6. e4 Nge7 7. Nc3 0-0 8. Nd2 d6 9. Nc4 Be6 10. Nd5 Qd7 11. c3 f5 12. f4 Rf7 13. a4 Raf8 14. a5 exf4 15. gxf4 Bh6 16. Qe1 Kh8 17. Qh4 Ng8 18. Bd2 Nce7 19. Nce3 fxe4 20. dxe4 Bxd5 21. Nxd5 Nxd5 22. exd5 Qb5 23. b4 Qc4 24. Rae1 Bxf4 25. Bxf4 Rxf4 26. Rxf4 Rxf4 27. Qg3 cxb4 28. cxb4 Qxb4 29. h3 Qd4+ 30. Kh1 Nh6 31. Re8+ Kg7 32. Re7+ Nf7 33. Rxb7 h5 34. Qe1 Rf2 35. Qe4 Rf1+ 36. Kh2 Qg1+ 37. Kg3 Qf2+ 38. Kh2 h4 39. Rxf7+ Kxf7 40. Qe6+ Kg7 41. Qd7+ Kh6 42. Qg4 Qf4+ 0-1

[Event "Voronezh-ch"]
[Site "Voronezh"]
[Date "2014.11.02"]
[Round "6"]
[White "Manukovsky, Vladimir"]
[Black "Kornilov, Peter"]
[Result "1-0"]
[WhiteElo "2202"]
[BlackElo "1993"]
[PlyCount "79"]
[EventDate "2014.10.28"]
[EventType "tourn"]
[EventRounds "9"]
[EventCountry "RUS"]
[SourceTitle "CBM 163 Extra"]
[Source "ChessBase"]
[SourceDate "2014.12.23"]
[SourceVersion "1"]
[SourceVersionDate "2014.12.23"]
[SourceQuality "1"]

1. e4 c5 2. Nc3 Nc6 3. f4 g6 4. Nf3 Bg7 5. Bc4 d6 6. 0-0 e6 7. d3 Nge7 8. a3 0-0 9. Qe1 a6 10. Rb1 b5 11. Ba2 Nd4 12. Nxd4 cxd4 13. Ne2 Bb7 14. Qf2 e5 15. fxe5 dxe5 16. Bxf7+ Kh8 17. Bg5 Qd6 18. Qh4 Nf5 19. exf5 Rxf7 20. f6 Bf8 21. Ng3 Rc8 22. Rf2 Qd5 23. Re1 b4 24. axb4 Bxb4 25. Ree2 Qa5 26. b3 Bd6 27. Ne4 Bxe4 28. Qxe4 Qd8 29. h4 Bb8 30. h5 gxh5 31. Qh4 Qg8 32. Qxh5 Qg6 33. Qxg6 hxg6 34. g4 Rh7 35. f7 Kg7 36. Be7 Rf8 37. Bf6+ Kxf7 38. Bxe5+ Kg8 39. Rxf8+ Kxf8 40. Bxb8 1-0

[Event "Voronezh-ch"]
[Site "Voronezh"]
[Date "2014.10.31"]
[Round "4"]
[White "Manukovsky, Vladimir"]
[Black "Sokolovsky, Victor"]
[Result "1-0"]
[WhiteElo "2202"]
[BlackElo "1977"]
[PlyCount "72"]
[EventDate "2014.10.28"]
[EventType "tourn"]
[EventRounds "9"]
[EventCountry "RUS"]
[SourceTitle "CBM 163 Extra"]
[Source "ChessBase"]
[SourceDate "2014.12.23"]
[SourceVersion "1"]
[SourceVersionDate "2014.12.23"]
[SourceQuality "1"]

1. e4 e5 2. Nf3 Nc6 3. Bb5 a6 4. Ba4 Bc5 5. Bxc6 dxc6 6. 0-0 Bg4 7. d3 Ne7 8. Be3 Qd6 9. Nbd2 b5 10. h3 Bh5 11. Re1 g5 12. Nf1 h6 13. Ng3 Bg6 14. a4 0-0 15. h4 Bxe3 16. Rxe3 f5 17. exf5 Nxf5 18. Nxf5 Rxf5 19. hxg5 Bh5 20. axb5 cxb5 21. Qe1 Bxf3 22. Rxf3 Rxf3 23. gxf3 Rf8 24. Qe3 Rf5 25. gxh6 Qf6 26. Kf1 Rxf3 27. Rxa6 Qf5 28. Qc5 Qh3+ 29. Ke2 Qh5 30. Qd5+ Rf7+ 31. Ke1 Qf5 32. Qg2+ Kf8 33. Rg6 Qf4 34. Rg8+ Ke7 35. Qg5+ Kd6 36. Qxf4 exf4 1-0

[Event "Voronezh-ch"]
[Site "Voronezh"]
[Date "2014.10.29"]
[Round "2"]
[White "Manukovsky, Vladimir"]
[Black "Klimentov, Roman"]
[Result "0-1"]
[WhiteElo "2202"]
[BlackElo "2250"]
[PlyCount "92"]
[EventDate "2014.10.28"]
[EventType "tourn"]
[EventRounds "9"]
[EventCountry "RUS"]
[SourceTitle "CBM 163 Extra"]
[Source "ChessBase"]
[SourceDate "2014.12.23"]
[SourceVersion "1"]
[SourceVersionDate "2014.12.23"]
[SourceQuality "1"]

1. e4 c5 2. Nf3 d6 3. Bb5+ Nc6 4. 0-0 Bg4 5. h3 Bh5 6. c3 Nf6 7. Re1 Nd7 8. Bxc6 bxc6 9. d4 cxd4 10. cxd4 e6 11. Nbd2 Be7 12. Nf1 0-0 13. Ng3 Bg6 14. Be3 d5 15. e5 c5 16. Rc1 c4 17. Qd2 Qb6 18. a3 Rab8 19. Bg5 Bxg5 20. Qxg5 Qxb2 21. h4 h6 22. Qg4 Rb7 23. Nh5 Bxh5 24. Qxh5 Qxa3 25. Qg4 Rfb8 26. Nh2 Qd3 27. Nf1 Rb1 28. Ne3 Rxc1 29. Rxc1 Rb1 30. Rxb1 Qxb1+ 31. Kh2 Qg6 32. Qd1 f6 33. Qa4 Nf8 34. Qxa7 fxe5 35. dxe5 Qf7 36. Qxf7+ Kxf7 37. Kg3 Ng6 38. f4 Ne7 39. Kf3 h5 40. g3 g6 41. g4 hxg4+ 42. Kxg4 Nf5 43. Nxf5 gxf5+ 44. Kf3 Kg6 45. Ke3 Kh5 46. Kd4 Kxh4 0-1

[Event "Anna Chess Players Memorial"]
[Site "Anna"]
[Date "2014.09.01"]
[Round "7"]
[White "Manukovsky, Vladimir"]
[Black "Geranichev, Mikhail"]
[Result "1/2-1/2"]
[WhiteElo "2202"]
[BlackElo "2115"]
[PlyCount "54"]
[EventDate "2014.08.30"]
[EventType "swiss"]
[EventRounds "9"]
[EventCountry "RUS"]
[SourceTitle "EXT 2018"]
[Source "ChessBase"]
[SourceDate "2017.10.13"]
[SourceVersion "1"]
[SourceVersionDate "2017.10.13"]
[SourceQuality "1"]

1. d4 Nf6 2. Nf3 g6 3. Bg5 Bg7 4. Nc3 d5 5. g3 Ne4 6. Bf4 Nxc3 7. bxc3 0-0 8. Bg2 c6 9. 0-0 Nd7 10. Qc1 f6 11. Bh6 e5 12. Bxg7 Kxg7 13. Qa3 e4 14. Nd2 f5 15. c4 Nb6 16. c5 Nd7 17. c4 Nf6 18. Rab1 Qc7 19. e3 Bd7 20. cxd5 cxd5 21. Rb2 Bc6 22. Rfb1 g5 23. Nb3 a5 24. Nc1 f4 25. exf4 gxf4 26. gxf4 Nh5 27. Ne2 Rf6 1/2-1/2

[Event "Voronezh Rating op 06"]
[Site "Voronezh"]
[Date "2014.06.04"]
[Round "5"]
[White "Manukovsky, Vladimir"]
[Black "Shabunin, Danil"]
[Result "1-0"]
[WhiteElo "2223"]
[BlackElo "1739"]
[PlyCount "73"]
[EventDate "2014.05.30"]
[EventType "swiss"]
[EventRounds "7"]
[EventCountry "RUS"]
[SourceTitle "EXT 2015"]
[Source "ChessBase"]
[SourceDate "2014.11.20"]
[SourceVersion "1"]
[SourceVersionDate "2014.11.20"]
[SourceQuality "1"]

1. e4 e5 2. Nc3 Nf6 3. f4 d6 4. Nf3 Nc6 5. Bb5 exf4 6. d3 Be7 7. Bxf4 0-0 8. 0-0 Bg4 9. Qd2 Bxf3 10. gxf3 Nd4 11. Bc4 Qd7 12. Be3 Ne6 13. Kh1 c6 14. Bb3 d5 15. Ne2 a5 16. a3 a4 17. Ba2 Rad8 18. e5 d4 19. Bg1 Nd5 20. f4 c5 21. Ng3 Qc6 22. Ne4 f5 23. exf6 Nxf6 24. f5 Nxe4 25. dxe4 Rxf5 26. Rxf5 Qxe4+ 27. Qg2 Qxf5 28. Re1 Rd6 29. Qe2 Kh8 30. Bf2 Ng5 31. Bh4 g6 32. Rf1 Qd7 33. Qe5+ Bf6 34. Rxf6 Qc6+ 35. Rf3+ Rf6 36. Qxf6+ Qxf6 37. Rxf6 1-0